İnsan ve üretim odaklı yeni ekonomi anlayışı (Record no. 7775)

MARC details
000 -BAŞLIK
Sabit Uzunlukta Kontrol Alanı 00600na a2200205 4500
001 - KONTROL NUMARASI
Denetim Alanı 20886
003 - KONTROL NUMARASI IDENTIFIER
Denetim Alanı MIRAKIL
005 - SON İŞLEM TARİHİ VE ZAMANI
Denetim Alanı 20181213155148.0
008 - SABİT-BOY VERİ ELEMANLARI - GENEL BİLGİLER
Sabit Uzunlukta Kontrol Alanı 170127b tu 000 0
040 ## - KATALOGLAMA KAYNAK
Orijinal Kataloglama Ajansı Milas
Kataloglama Dili tur
Metne Dönüştürmek Ajansı TR-AnCHP
041 ## - DİL KODU
Metin / Ses Parça Veya Ayrı Başlığın Dil Kodu tur
082 ## - DEWEY ONLU SINIFLANDIRMA NUMARASI
Sınıflandırma Numarası 330.9561
Ürün Numarası İ57 2010
090 ## - SINIFLAMA NUMARASI
Sınıflama Numarası 330.9561 İ57 2010
245 ## - BAŞLIK TABLOSU
Başlık İnsan ve üretim odaklı yeni ekonomi anlayışı
Başlığın Kalan ''2023'e doğru yeni vizyon''
246 ## - UNVAN FORM VARYING
Başlık Doğru / Kısa Başlığı 2023'e doğru yeni vizyon
260 ## - YAYIN, DAĞITIM, VB
Yayın, Dağıtım, Vb Yeri [y. y.]
Yayıncı, Dağıtıcı, Vs Adı [yayl. y.]
Yayın, Dağıtım, Vb Tarihi 2010
300 ## - FİZİKSEL TANIM
Kapsam 184 s.
Diğer Fiziksel Ayrıntıları tbl. ; grf. ; şkl.
Boyutlar 30 sm.
650 ## - KONU KATMA GİRİŞ - TOPİKAL DÖNEM
Topikal Süreli Veya Coğrafi Ad Giriş Elemanı Ekonomi
Genel Alt Bölümü Türkiye
Kronolojik Alt Bölümü 2023
942 ## - EKLENDİ GİRİŞ ELEMANLARI (KOHA)
Sınıflandırma Veya Raf Düzeni Kaynak
Koha Öğesi Türü Books
999 ## - SİSTEM KONTROL NUMARALARI (KOHA)
Koha Biblionumber 7775
Koha Biblioitemnumber 7775
Holdings
Kalıcı Konum Mevcut Konum Edinme Tarihi Edinim Kaynak Toplam Check-Out'Lar Tam Çağrı Numarası Barkod Tarih Son Görülme İtibaren Geçerli Fiyatlar Koha Öğesi Türü
CHP Kütüphanesi CHP Kütüphanesi 01/27/2017 Bağış   330.9561 İ57 2010 012138 01/27/2017 01/27/2017 Books